00308nam a2200133Ia 45000030006000000080041000060400015000471000042000622450022001042500010001262600009001365460012001450050017001570STCL150530s9999 xx 000 0 und d aSTCLcSTCL aDouglas A Pucknell; Kamran Eghraghian aBasic VISI design aThird c2004 aEnglish20220125170524.0